Women at work; (Record no. 36310)

MARC details
000 -LEADER
fixed length control field 01021cam a22002651 4500
001 - CONTROL NUMBER
control field l 39000121
003 - CONTROL NUMBER IDENTIFIER
control field DLC
005 - DATE AND TIME OF LATEST TRANSACTION
control field 20260227111537.0
008 - FIXED-LENGTH DATA ELEMENTS--GENERAL INFORMATION
fixed length control field 720908s1939 xx 000 0 eng
010 ## - LIBRARY OF CONGRESS CONTROL NUMBER
LC control number l 39000121
035 ## - SYSTEM CONTROL NUMBER
System control number (OCoLC)401941
040 ## - CATALOGING SOURCE
Original cataloging agency DLC
Transcribing agency OClU
Modifying agency DLC
042 ## - AUTHENTICATION CODE
Authentication code premarc
050 00 - LIBRARY OF CONGRESS CALL NUMBER
Classification number HD6093
Item number .A35 no. 161
110 1# - MAIN ENTRY--CORPORATE NAME
Corporate name or jurisdiction name as entry element United States.
Subordinate unit Women's Bureau.
245 10 - TITLE STATEMENT
Title Women at work;
Remainder of title a century of industrial change...
Statement of responsibility, etc. United States Department of Labor. Women's Bureau...
260 ## - PUBLICATION, DISTRIBUTION, ETC.
Place of publication, distribution, etc. Washington,
Name of publisher, distributor, etc. U.S.Govt.Print.Off.,
Date of publication, distribution, etc. 1939.
300 ## - PHYSICAL DESCRIPTION
Extent iii,80p.
Other physical details illus.
Dimensions 18cm.
490 1# - SERIES STATEMENT
Series statement Its Bulletin
Volume/sequential designation no. 161
500 ## - GENERAL NOTE
General note "Written originally in 1933 by Eleanor Nelson... The present thorough revision as of early 1939, with a few later references, is the work of Rebecca Farnham."- p.ii.
650 #0 - SUBJECT ADDED ENTRY--TOPICAL TERM
Topical term or geographic name entry element Women
General subdivision Employment
Geographic subdivision United States.
700 1# - ADDED ENTRY--PERSONAL NAME
Personal name Nelson, Eleanor,
Dates associated with a name 1906-
700 1# - ADDED ENTRY--PERSONAL NAME
Personal name Farnham, Rebecca Tufts,
Dates associated with a name 1903-
810 1# - SERIES ADDED ENTRY--CORPORATE NAME
Corporate name or jurisdiction name as entry element United States.
Subordinate unit Women's Bureau.
Title of a work Bulletin
Volume/sequential designation no. 161.

No items available.

Powered by Koha